00574nam a2200205Ia 4500003000400000005001700004008004100021020002900062040001700091082001900108100002000127245008400147250001100231260002800242300003200270500001900302650001400321650001300335700002000348IIN20251124125015.0231217s9999 xx 000 0 und d cRs.695.00a9789381579589 aIINbEmglish a616.07 bRAO1 aRao, Purnima S.1 aTextbook of Pathology & Genetics for Nursingcby Purnima S. Rao & Sumesh T. Rao a2nd ed bEMMESSaBangalorec2022 aviii,307p.bill.; Paperback aIncludes Index1 aPathology1 aGenetics1 aRao, Sumesh T.